000 00978cam a2200265Ia 4500
001 communiontruesto00stri
003 CaSfIA
005 20230525155230.0
007 cr||||
008 880122t19881987nyu 000 0 eng d
010 _z 86031096
040 _aEZH
_cEZH
_dXBM
_dBTCTA
_dBAKER
_dYDXCP
_dZWQ
_dCaSfIA
020 _a0380703882 (pbk.) :
_c$4.95
020 _a9780380703883 (pbk.)
035 _a(OCoLC)17375661
050 0 0 _aTL789.3
_b.S77 1987
082 0 0 _a001.9/42
_219
100 1 _aStrieber, Whitley.
245 1 0 _aCommunion :
_h[electronic resource]
_ba true story /
_cWhitley Strieber.
260 _aNew York, NY :
_bAvon,
_c1988, c1987.
300 _a306 p. ;
_c18 cm.
650 0 _aUnidentified flying objects
_xSightings and encounters.
856 4 1 _uhttp://www.archive.org/details/communiontruesto00stri
_zFree eBook from the Internet Archive
856 4 2 _uhttp://www.openlibrary.org/books/OL14372913M
_zAdditional information and access via Open Library
999 _c23908
_d23908